Cedar (Gracie Abrams) - lyrics - Statistics

General Stats
  • This quiz has been taken 59 times
  • The average score is 239 of 286
Answer Stats
Answer % Correct
a
100%
I
100%
it
100%
you
100%
You
100%
be
97%
been
97%
It's
97%
it's
97%
to
97%
go
93%
good
93%
know
93%
mine
93%
the
93%
arent
90%
could
90%
Could
90%
every
90%
Every
90%
forget
90%
in
90%
we
90%
both
86%
felt
86%
goodbye
86%
goodbye,
86%
If
86%
is
86%
me
86%
that
86%
This
86%
time
86%
worst
86%
all
83%
die,
83%
die
83%
then
83%
told
83%
was
83%
When
83%
And
79%
Breaking
79%
funny
79%
How
79%
how
79%
lie
79%
lie,
79%
No
79%
of
79%
same
79%
up
79%
answer
76%
call
76%
like
76%
space
76%
talk
76%
would
76%
But
72%
impossible
72%
needed
72%
pieces
72%
think
72%
understate
72%
you're
72%
acclimate
69%
closure
69%
come
69%
day
69%
defining
69%
don't
69%
just
69%
Seven
69%
thought
69%
years
69%
back
66%
cut
66%
detail
66%
manual
66%
miss
66%
night
66%
through
66%
why,
66%
why
66%
amplified
62%
at
62%
Cause
62%
even
62%
from
62%
instruction
62%
knife
62%
remind
62%
weird
62%
further
59%
Other
59%
people
59%
say
59%
Sunday
59%
tried
59%
will
59%
anyway
55%
called
55%
empty
55%
leave
55%
left
55%
times
55%
tough
55%
write
55%
eye
52%
Hits
52%
It'll
52%
look
52%
strangest
52%
what's
52%
wild
52%
Couldn't
48%
dissipates
48%
internalized
48%
meet
48%
No matching quizzes found
Score Distribution
Percent of People with Each Score
Percentile by Number Answered
Your Score History
You have not taken this quiz